书目信息 |
| 题名: |
爱因斯坦
|
|
| 作者: | 爱因斯坦 主编 ;刘常青 主编 | |
| 分册: | ||
| 出版信息: | 上海 上海交通大学出版社 2007.01 |
|
| 页数: | 262页 | |
| 开本: | 23cm | |
| 丛书名: | 科学大师启蒙文库 | |
| 单 册: | ||
| 中图分类: | Z471.2 | |
| 科图分类: | ||
| 主题词: | 物理学--wu li xue--美国--现代--文集 , 社会科学--she hui ke xue--美国--现代--文集 | |
| 电子资源: | ||
| ISBN: | 7-313-04525-5 | |
| 000 | 01078nam 2200277 450 | |
| 001 | 012007987309 | |
| 005 | 20070930160201.46 | |
| 010 | @a7-313-04525-5@dCNY33.00 | |
| 100 | @a20070808d2007 km y0chiy0120 ea | |
| 101 | 0 | @achi |
| 102 | @aCN@b310000 | |
| 105 | @ay z 000yy | |
| 200 | 1 | @a爱因斯坦@Aai yin si tan@f刘常青主编@Fliu chang qing zhu bian |
| 210 | @a上海@c上海交通大学出版社@d2007.01 | |
| 215 | @a262页@d23cm | |
| 225 | 2 | @a科学大师启蒙文库@Ake xue da shi qi meng wen ku |
| 300 | @a国家哲学社会科学创新基地专项资助 上海“十一五”重点图书 | |
| 330 | @a本书主要介绍了世界著名科学大师爱因斯坦的科学思想、伦理道德、社会生活、科学成长之路及其重大科学贡献。书前有介绍爱因斯坦的生平简介和评述,书末有爱因斯坦的著作年表。 | |
| 410 | 0 | @12001 @a科学大师启蒙文库 |
| 606 | 0 | @a物理学@Awu li xue@y美国@z现代@j文集 |
| 606 | 0 | @a社会科学@Ashe hui ke xue@y美国@z现代@j文集 |
| 690 | @aZ471.2@v4 | |
| 701 | 1 | @a爱因斯坦@Aai yin si tan@g(Einstein, Albert),@f1879-1955@4主编 |
| 702 | 0 | @a刘常青@Aliu chang qing@4主编 |
| 801 | 0 | @aCN@c20070930 |
| 905 | @dZ471.2@eA473 | |
| 爱因斯坦/刘常青主编.-上海:上海交通大学出版社,2007.01 |
| 262页;23cm.-(科学大师启蒙文库) |
| 国家哲学社会科学创新基地专项资助 上海“十一五”重点图书 |
| ISBN 7-313-04525-5:CNY33.00 |
| 本书主要介绍了世界著名科学大师爱因斯坦的科学思想、伦理道德、社会生活、科学成长之路及其重大科学贡献。书前有介绍爱因斯坦的生平简介和评述,书末有爱因斯坦的著作年表。 |
| ● |
| 相关链接 |
|
|
|
正题名:爱因斯坦
索取号:Z471.2/A473
 
预约/预借
| 序号 | 登录号 | 条形码 | 馆藏地/架位号 | 状态 | 备注 |
| 1 | 255347 | 202553478 | 自科库501/501自科库 131排2列2层/ [索取号:Z471.2/A473] | 在馆 | |
| 2 | 255348 | 202553487 | 自科二线504/501自科库 131排2列2层/ [索取号:Z471.2/A473] | 在馆 |